[Event "Milan Repubblica op"]
[Site "Milan"]
[Date "2011.06.04"]
[Round "5"]
[White "Swannie, Douglas"]
[Black "Bisignano, Riccardo"]
[Result "1-0"]
[WhiteElo "1924"]
[BlackElo "1918"]
[PlyCount "87"]
[EventDate "2011.06.05"]
[EventType "swiss"]
[EventRounds "7"]
[EventCountry "ITA"]
[SourceTitle "EXT 2023"]
[Source "ChessBase"]
[SourceDate "2022.10.05"]
[SourceVersion "1"]
[SourceVersionDate "2022.10.05"]
[SourceQuality "1"]

1. d4 d5 2. c4 e6 3. Nc3 c6 4. e3 Nf6 5. Nf3 Nbd7 6. Bd3 Bb4 7. 0-0 Bxc3 8. bxc3 Qc7 9. Qc2 e5 10. e4 dxc4 11. Bxc4 0-0 12. Re1 b5 13. Bb3 h6 14. c4 bxc4 15. Bxc4 exd4 16. e5 Ng4 17. e6 Nde5 18. exf7+ Kh8 19. Nxe5 Nxe5 20. Ba3 Nxc4 21. Bxf8 Qxf7 22. Bc5 Bf5 23. Qb3 d3 24. Re7 Qf6 25. Rd1 Ne5 26. f4 Nd7 27. Rf7 Be6 28. Rxf6 Bxb3 29. Rxh6+ gxh6 30. Bd4+ Kg8 31. axb3 Kf7 32. Rxd3 a6 33. Bc3 Nc5 34. Rd6 Nxb3 35. Rxc6 a5 36. Rxh6 a4 37. f5 Rg8 38. Rh7+ Ke8 39. f6 Rf8 40. Re7+ Kd8 41. Ra7 Ke8 42. Rxa4 Nc5 43. Ra8+ Kf7 44. Rxf8+ 1-0

[Event "Milan Repubblica op"]
[Site "Milan"]
[Date "2011.06.02"]
[Round "3"]
[White "Bisignano, Giuseppe"]
[Black "Bisignano, Riccardo"]
[Result "1/2-1/2"]
[WhiteElo "1930"]
[BlackElo "1918"]
[PlyCount "47"]
[EventDate "2011.06.05"]
[EventType "swiss"]
[EventRounds "7"]
[EventCountry "ITA"]
[SourceTitle "EXT 2023"]
[Source "ChessBase"]
[SourceDate "2022.10.05"]
[SourceVersion "1"]
[SourceVersionDate "2022.10.05"]
[SourceQuality "1"]

1. e4 e5 2. Nf3 Nc6 3. Bb5 Nf6 4. 0-0 Nxe4 5. d4 Nd6 6. Bxc6 dxc6 7. Nxe5 Be7 8. Re1 0-0 9. Nc3 Nf5 10. d5 Bc5 11. Ne4 Bb6 12. dxc6 Qh4 13. g3 Qe7 14. Nd7 Bxd7 15. cxd7 Rad8 16. Bg5 f6 17. Nxf6+ gxf6 18. Rxe7 Nxe7 19. Bh6 Rf7 20. Qg4+ Ng6 21. Re1 Rfxd7 22. Re8+ Rxe8 23. Qxd7 Re7 24. Qd5+ 1/2-1/2

[Event "Milan Repubblica op"]
[Site "Milan"]
[Date "2011.06.02"]
[Round "2"]
[White "Bisignano, Riccardo"]
[Black "Moroni, Luca Jr"]
[Result "0-1"]
[WhiteElo "1918"]
[BlackElo "1911"]
[PlyCount "86"]
[EventDate "2011.06.05"]
[EventType "swiss"]
[EventRounds "7"]
[EventCountry "ITA"]
[SourceTitle "EXT 2023"]
[Source "ChessBase"]
[SourceDate "2022.10.05"]
[SourceVersion "1"]
[SourceVersionDate "2022.10.05"]
[SourceQuality "1"]

1. e4 c5 2. Nc3 d6 3. g3 e6 4. Bg2 Nc6 5. d3 g6 6. Nge2 Bg7 7. 0-0 Nge7 8. f4 0-0 9. g4 f5 10. g5 Qb6 11. Be3 Nd4 12. Rb1 Nxe2+ 13. Nxe2 fxe4 14. dxe4 Qc7 15. c3 a6 16. Ng3 Rb8 17. Qd2 Rd8 18. Rbd1 d5 19. Qf2 b6 20. f5 exf5 21. exd5 Be5 22. Bf4 Bxf4 23. Qxf4 Qxf4 24. Rxf4 Bb7 25. c4 Nc8 26. Ne2 Nd6 27. b3 Re8 28. Kf2 Bc8 29. Nc3 Bd7 30. a3 Re7 31. Re1 Rxe1 32. Kxe1 Re8+ 33. Kd2 Kg7 34. b4 h6 35. h4 hxg5 36. hxg5 Rh8 37. Rf2 Nxc4+ 38. Kc1 cxb4 39. axb4 Re8 40. Bf1 Re1+ 41. Nd1 Ne3 42. Be2 Nxd1 43. Bxd1 Ba4 0-1

[Event "Milan Crespi op-B 30th"]
[Site "Milan"]
[Date "2009.12.08"]
[Round "7"]
[White "Bisignano, Riccardo"]
[Black "Ciciotti, Augusto Walter"]
[Result "0-1"]
[WhiteElo "1937"]
[BlackElo "1878"]
[PlyCount "102"]
[EventDate "2009.12.04"]
[EventType "swiss"]
[EventRounds "7"]
[EventCountry "ITA"]
[SourceTitle "EXT 2012"]
[Source "ChessBase"]
[SourceDate "2011.11.24"]
[SourceVersion "1"]
[SourceVersionDate "2011.11.24"]
[SourceQuality "1"]

1. e4 c5 2. Nc3 Nc6 3. g3 g6 4. Bg2 Bg7 5. d3 d6 6. Nge2 e6 7. Be3 Nge7 8. Qd2 Nd4 9. 0-0 0-0 10. f4 Rb8 11. Rab1 a5 12. a3 Bd7 13. g4 f5 14. exf5 exf5 15. g5 Bc6 16. Ng3 Qd7 17. Rbe1 Rfe8 18. Nd1 Nd5 19. Bf2 a4 20. Kh1 b6 21. Bxd4 cxd4 22. c4 Ne3 23. Nxe3 dxe3 24. Rxe3 Rxe3 25. Qxe3 Bxb2 26. Rb1 Bxg2+ 27. Kxg2 Qc6+ 28. Kh3 Re8 29. Qf2 Bxa3 30. Rxb6 Qc5 31. Qa2 Qxb6 32. Qxa3 Ra8 33. Qc3 Qd8 34. Qa3 Qd7 35. Ne2 Re8 36. Qa2 Re3+ 37. Kh4 h5 38. Nc3 Rxd3 39. Nd5 Qe6 40. Nf6+ Kf7 41. Qb1 Rb3 42. Qd1 Ke7 43. Qg1 Kd8 44. Qd1 Kc8 45. Nd5 Qe4 46. Qa1 Qe8 47. Qd1 Kb7 48. Qd2 Rb1 49. Ne3 Qe4 50. Qxd6 Qxe3 51. Qxg6 Qxf4+ 0-1

[Event "Milan Crespi op-B 30th"]
[Site "Milan"]
[Date "2009.12.06"]
[Round "3"]
[White "Bisignano, Riccardo"]
[Black "Krstic, Dragan"]
[Result "1-0"]
[WhiteElo "1937"]
[BlackElo "1810"]
[PlyCount "53"]
[EventDate "2009.12.04"]
[EventType "swiss"]
[EventRounds "7"]
[EventCountry "ITA"]
[SourceTitle "EXT 2012"]
[Source "ChessBase"]
[SourceDate "2011.11.24"]
[SourceVersion "1"]
[SourceVersionDate "2011.11.24"]
[SourceQuality "1"]

1. e4 g6 2. d4 c6 3. Nc3 Bg7 4. Be3 d6 5. f4 e6 6. Be2 Ne7 7. Nf3 0-0 8. Qd2 d5 9. e5 Nf5 10. g4 Nxe3 11. Qxe3 Qb6 12. h4 Nd7 13. h5 c5 14. hxg6 fxg6 15. 0-0-0 cxd4 16. Rxd4 a6 17. f5 gxf5 18. gxf5 Rxf5 19. Bd3 Rf7 20. Bxh7+ Kf8 21. Bg6 Rxf3 22. Qxf3+ Ke7 23. Rxd5 Nxe5 24. Rxe5 Bxe5 25. Qf7+ Kd8 26. Rd1+ Bd6 27. Ne4 1-0

[Event "Corsico op-B 41st"]
[Site "Corsico"]
[Date "2009.10.04"]
[Round "4"]
[White "Priori, Luigi"]
[Black "Bisignano, Riccardo"]
[Result "0-1"]
[WhiteElo "1798"]
[BlackElo "1908"]
[PlyCount "110"]
[EventDate "2009.10.02"]
[EventType "swiss"]
[EventRounds "5"]
[EventCountry "ITA"]
[SourceTitle "EXT 2012"]
[Source "ChessBase"]
[SourceDate "2011.11.24"]
[SourceVersion "1"]
[SourceVersionDate "2011.11.24"]
[SourceQuality "1"]

1. d4 d5 2. c4 e6 3. Nf3 c6 4. Bf4 Nf6 5. e3 Nbd7 6. h3 Bb4+ 7. Nbd2 0-0 8. a3 Ba5 9. Qc2 Re8 10. b4 Bc7 11. Bxc7 Qxc7 12. Bd3 h6 13. Qc3 dxc4 14. Nxc4 Nd5 15. Qb2 b6 16. 0-0 Bb7 17. Rac1 Rac8 18. Rfe1 N7f6 19. Nce5 Qe7 20. Rc2 Rc7 21. Rec1 Rec8 22. g3 Nd7 23. e4 N5f6 24. Re1 Nxe5 25. Nxe5 Nh5 26. Kh2 Rd8 27. f4 Qd6 28. Nf3 c5 29. e5 Qd7 30. Be4 Bxe4 31. Rxe4 Qd5 32. Rce2 c4 33. Qc3 g6 34. g4 Ng7 35. Nh4 a5 36. bxa5 Qxa5 37. Qxa5 bxa5 38. Nf3 Rb8 39. R4e3 Rb3 40. Ne1 Ne8 41. Nc2 Rc6 42. Na1 a4 43. Nxb3 axb3 44. Rc3 Kf8 45. Rb2 Rc7 46. Rbxb3 cxb3 47. Rxb3 Rc4 48. Rd3 Nc7 49. Kg3 Ke7 50. Kf3 Kd7 51. h4 Kc6 52. Ke4 Nd5 53. f5 Nc3+ 54. Kf4 Kd5 55. fxe6 fxe6 0-1

[Event "Corsico op-B 41st"]
[Site "Corsico"]
[Date "2009.10.03"]
[Round "2"]
[White "Bisignano, Riccardo"]
[Black "Napoli, Ferdinando"]
[Result "0-1"]
[WhiteElo "1908"]
[BlackElo "1744"]
[PlyCount "74"]
[EventDate "2009.10.02"]
[EventType "swiss"]
[EventRounds "5"]
[EventCountry "ITA"]
[SourceTitle "EXT 2012"]
[Source "ChessBase"]
[SourceDate "2011.11.24"]
[SourceVersion "1"]
[SourceVersionDate "2011.11.24"]
[SourceQuality "1"]

1. e4 c5 2. Nc3 Nc6 3. g3 g6 4. Bg2 Bg7 5. d3 d6 6. Be3 Nf6 7. h3 0-0 8. f4 a6 9. Nf3 Rb8 10. 0-0 Qc7 11. g4 e6 12. Qe1 b5 13. a3 Re8 14. Qh4 b4 15. axb4 Rxb4 16. Rab1 Qb8 17. Ng5 h6 18. Nxf7 Kxf7 19. e5 d5 20. exf6 Bxf6 21. g5 Bxc3 22. bxc3 Rxb1 23. gxh6 Rxf1+ 24. Bxf1 Bd7 25. Bxc5 Qd8 26. Qg3 Qf6 27. d4 a5 28. Bb5 Rb8 29. Ba4 Rb1+ 30. Kh2 Qf5 31. Bd6 Qe4 32. Qg2 Qxg2+ 33. Kxg2 Ra1 34. Bxc6 Bxc6 35. Be5 Kg8 36. c4 dxc4+ 37. Kf2 Ra2 0-1

[Event "Milan Crespi op-B 29th"]
[Site "Milan"]
[Date "2008.12.07"]
[Round "5"]
[White "Bisignano, Riccardo"]
[Black "Zeppos, Panagiotis"]
[Result "1/2-1/2"]
[WhiteElo "1891"]
[BlackElo "1823"]
[PlyCount "47"]
[EventDate "2008.12.05"]
[EventType "swiss"]
[EventRounds "7"]
[EventCountry "ITA"]
[SourceTitle "EXT 2010"]
[Source "ChessBase"]
[SourceDate "2010.11.25"]
[SourceVersion "1"]
[SourceVersionDate "2010.11.25"]
[SourceQuality "1"]

1. e4 c5 2. Nc3 d6 3. g3 Nf6 4. Bg2 g6 5. d3 Bg7 6. Nge2 Nc6 7. 0-0 0-0 8. f4 Rb8 9. h3 b5 10. e5 dxe5 11. Bxc6 Bxh3 12. Bg2 Bxg2 13. Kxg2 Ng4 14. fxe5 Bxe5 15. Nf4 h5 16. Qf3 Bg7 17. Ncd5 e5 18. Nh3 c4 19. Bd2 Rc8 20. Ne3 cxd3 21. Nxg4 hxg4 22. Qxg4 Rxc2 23. Rf2 Rc4 24. Qg5 1/2-1/2

[Event "Milan Crespi op-B 29th"]
[Site "Milan"]
[Date "2008.12.06"]
[Round "3"]
[White "Bisignano, Riccardo"]
[Black "Margstahler, Francesco"]
[Result "0-1"]
[WhiteElo "1891"]
[BlackElo "1768"]
[PlyCount "59"]
[EventDate "2008.12.05"]
[EventType "swiss"]
[EventRounds "7"]
[EventCountry "ITA"]
[SourceTitle "EXT 2010"]
[Source "ChessBase"]
[SourceDate "2010.11.25"]
[SourceVersion "1"]
[SourceVersionDate "2010.11.25"]
[SourceQuality "1"]

1. e4 c6 2. d4 d5 3. exd5 cxd5 4. c4 Nf6 5. Nc3 e6 6. Bg5 Be7 7. Nf3 0-0 8. Bd3 dxc4 9. Bxc4 Nbd7 10. 0-0 Nb6 11. Bb3 Nbd5 12. Qd3 Re8 13. Rfe1 a6 14. Rad1 b5 15. Ne5 Nxc3 16. bxc3 Qc7 17. Bc2 g6 18. Bxf6 Bxf6 19. Qf3 Bxe5 20. Qxa8 Bxh2+ 21. Kh1 Kf8 22. Qf3 Bb7 23. Qh3 Bd6 24. Qxh7 f5 25. Qh8+ Kf7 26. Qh7+ Kf6 27. Qh4+ Kg7 28. Kg1 Rh8 29. Qxh8+ Kxh8 30. Rxe6 0-1

[Event "Milan Crespi op-B 29th"]
[Site "Milan"]
[Date "2008.12.04"]
[Round "1"]
[White "Bisignano, Riccardo"]
[Black "Fizzotti, Mario"]
[Result "1-0"]
[WhiteElo "1891"]
[BlackElo "1795"]
[PlyCount "81"]
[EventDate "2008.12.05"]
[EventType "swiss"]
[EventRounds "7"]
[EventCountry "ITA"]
[SourceTitle "EXT 2010"]
[Source "ChessBase"]
[SourceDate "2010.11.25"]
[SourceVersion "1"]
[SourceVersionDate "2010.11.25"]
[SourceQuality "1"]

1. e4 e5 2. Bc4 Nf6 3. Nf3 Bc5 4. 0-0 Nc6 5. Nc3 0-0 6. d3 h6 7. a3 d6 8. Na4 Bg4 9. h3 Bh5 10. Nxc5 dxc5 11. c3 Qe7 12. g4 Nxg4 13. hxg4 Bxg4 14. Kg2 Qf6 15. Qe2 Rad8 16. Qe3 Rd6 17. Nh2 Bh5 18. Qh3 Be2 19. Re1 Qg6+ 20. Kh1 Qh5 21. Qxh5 Bxh5 22. Be3 b6 23. b4 cxb4 24. axb4 a5 25. bxa5 Nxa5 26. Rxa5 bxa5 27. Bc5 Rb8 28. Bxd6 cxd6 29. Ra1 Ra8 30. f3 a4 31. Ra3 Kf8 32. Bb5 f6 33. Rxa4 Rxa4 34. Bxa4 g5 35. Kg2 Kg7 36. Nf1 g4 37. Bd1 gxf3+ 38. Bxf3 Be8 39. Ne3 Bb5 40. Nf5+ Kg6 41. c4 1-0